000 00749cam a2200241 4500
001 1707488
005 20180116072008.0
008 700106m19691978nyu b 001 0ceng
010 _a 69013699
020 _a0835202178 (v. 14)
040 _aDLC
_cDLC
_dDLC
041 _aeng
043 _an-us---
080 _a347.732634 FRI
082 0 0 _a347.732634 FRI
_aB
100 1 _a14
101 _aJUR
245 1 4 _aThe justices of the United States Supreme Court, 1789-1969,
_cLeon Friedman & Fred L. Israel, editors; with an introd. by Louis H. Pollak.
504 _aIncludes bibliographies.
740 0 _aBurger Court, 1969-1978.
906 _a7
_bcbc
_corignew
_du
_encip
_f19
_gy-gencatlg
942 _2ddc
_cBK
999 _c40368
_d40368